| 000 | 00643nam a2200229Ia 4500 | ||
|---|---|---|---|
| 001 | 899 | ||
| 003 | GE_BSU | ||
| 008 | 181216s||||||||xx |||||||||||||| ||und|| | ||
| 020 | _a5691008447 | ||
| 040 | _cGE_BSU | ||
| 080 | _a504(075.8) | ||
| 100 | _aГубарева, Л.И; Мизирева,О.М;Чурилова, Т.М; | ||
| 245 | _aЭкология Человека. | ||
| 245 | _bПрактикум для вузов. | ||
| 260 | _aМосква | ||
| 260 | _bГуманит.изд.центр.ВЛАДОС. | ||
| 260 | _c2005 | ||
| 300 | _a112 с. | ||
| 541 | _h4 л. | ||
| 653 | _aЭкология Человека | ||
| 942 | _cBK | ||
| 999 |
_c35059 _d35059 |
||